| 000 | 00781cab a2200253 4500 | ||
|---|---|---|---|
| 001 | WB3446-46 | ||
| 008 | 090401t1998 xxu||||| |||| 00| 0 eng d | ||
| 035 | _a(Sirsi) u90060 | ||
| 041 | _aeng | ||
| 245 | _aSummer for rural white paper | ||
| 260 | _c1998 | ||
| 350 | _a0 | ||
| 490 |
_aFinancial Times _v28 & 29 November 1998, 8(1) |
||
| 520 | _aGovernment is to publish a rural white paper by next summer, according to John Prescott. The emphasis would be on regenerating communities, housing, jobs and transport. | ||
| 650 | _aCOUNTRYSIDE POLICY | ||
| 650 | _aRURAL AREAS | ||
| 650 | _aRURAL HOUSING | ||
| 650 | _aRURAL REGENERATION | ||
| 650 | _aRURAL TRANSPORT | ||
| 650 | _aRURAL WHITE PAPER | ||
| 690 | _aRURAL PRACTICE | ||
| 942 | _n0 | ||
| 948 | _c01/12/1998 | ||
| 999 |
_c57037 _d57037 |
||